| 000 | 00000nam##2200000za#4500 |
| 001 | 9.647636 |
| 003 | CaOODSP |
| 005 | 20210615112709 |
| 007 | ta |
| 008 | 150407|2000||||xxc||||| f|0| 0 eng|d |
| 020 | |a0-662-28579-4 |
| 040 | |aCaOODSP|beng |
| 043 | |an-cn--- |
| 086 | 1 |aH39-522/2000E |
| 110 | 1 |aCanada.|bHealth Canada. |bHealth Promotion and Programs Branch. |
| 245 | 10|aHepatitis C: medical information update : |btransmission; diagnosis; clinical management; treatment / |cIssued jointly by the Canadian Liver Foundation. |
| 260 | |aOttawa - Ontario : |bHealth Canada. |c2000. |
| 300 | |a9p. : |billus., tables ; |c28 cm. |
| 504 | |aBibliography. |
| 563 | |aSoftcover |
| 590 | |a00-20|b2000-05-19 |
| 590 | |a00-23|b2000-06-09 |
| 690 | 07|aHepatitis|2gcpds |
| 690 | 07|aHealth care|2gcpds |
| 775 | 08|tHépatite C: mise à jour de l'information médicale : |w(CaOODSP)9.681039 |
| 776 | 0#|tHepatitis C : |w(CaOODSP)9.695853 |